| 000 | 00480nam a2200181Ia 4500 | ||
|---|---|---|---|
| 001 | 13525 | ||
| 005 | 20260306164807.0 | ||
| 008 | 260306t2012||||xx |||||||||||||| ||spa|| | ||
| 041 | _aESP | ||
| 082 |
_a004.6 _bH491 |
||
| 100 |
_aHwang, Kai _eAUT |
||
| 245 | 0 |
_aDistributed and cloud computing: _bfrom parallel processing to the Internet of things |
|
| 260 | _c2012 | ||
| 300 |
_axxii, 648 páginas : : ill. _c |
||
| 650 | _aGEN | ||
| 654 | _aCCC | ||
| 942 |
_cLIB _dJUS _fJUS _2ddc _n |
||
| 999 |
_c13525 _d13525 |
||